Soil map of the world 1:5000000; N.9 Southeast Asia

Đã lưu trong:
Bibliografiske detaljer
Format: Bog
Sprog:Undetermined
Udgivet: Paris Unesco 1979
Fag:
Tags: Tilføj Tag
Ingen Tags, Vær først til at tagge denne postø!
Thư viện lưu trữ: Trung tâm Học liệu Trường Đại học Cần Thơ
LEADER 00438nam a2200169Ia 4500
001 CTU_30174
008 210402s9999 xx 000 0 und d
082 |a 631.4 
082 |b F218/N.9 
245 0 |a Soil map of the world 1:5000000; N.9 
245 0 |b Southeast Asia 
260 |a Paris 
260 |b Unesco 
260 |c 1979 
650 |a soil maps 
904 |i Liên, 990316 
980 |a Trung tâm Học liệu Trường Đại học Cần Thơ